|
|
|
|
| LEADER |
00000nab a2200000 ar4500 |
| 001 |
vtls009086451 |
| 003 |
SK-MaSNL |
| 005 |
20260303064512.0 |
| 008 |
070810c2007 xo mr|p|||||||000 b|slo |
| 015 |
|
|
|a SNBRB2007/08
|2 snkbucl
|
| 038 |
|
|
|a SNKBUCL
|
| 040 |
|
|
|a SNKBUCL
|b slo
|c SNKBUCL
|e AACR2
|
| 041 |
|
|
|a slo
|
| 044 |
|
|
|a xo
|c SK
|
| 080 |
|
|
|a 362.4
|2 1997
|
| 100 |
1 |
|
|a Igliarová, Božena
|4 aut
|9 491543
|
| 245 |
1 |
0 |
|a Šancu majú i občania so zdravotným znevýhodnením
|c Božena Igliarová
|
| 650 |
0 |
7 |
|a občania so zdravotným znevýhodnením
|2 snkbucl
|9 1063230
|
| 773 |
0 |
|
|t Sociálna politika a zamestnanosť
|g Č. 7 (2007), s. 6-7
|x 1336-5053
|
| 852 |
|
|
|a SNK
|b KIS3GCP
|
| 999 |
|
|
|c 1747413
|d 1749343
|